<?xml version="1.0" encoding="UTF-8"?>
<record
    xmlns:xsi="http://www.w3.org/2001/XMLSchema-instance"
    xsi:schemaLocation="http://www.loc.gov/MARC21/slim http://www.loc.gov/standards/marcxml/schema/MARC21slim.xsd"
    xmlns="http://www.loc.gov/MARC21/slim">

  <leader>00844nam a2200181Ia 4500</leader>
  <controlfield tag="005">20241007103038.0</controlfield>
  <controlfield tag="008">240126s9999    xx            000 0 und d</controlfield>
  <datafield tag="020" ind1=" " ind2=" ">
    <subfield code="a">9788187197749</subfield>
  </datafield>
  <datafield tag="082" ind1=" " ind2=" ">
    <subfield code="a">343.54071  MAJ;1  R</subfield>
  </datafield>
  <datafield tag="100" ind1=" " ind2=" ">
    <subfield code="a">Majumdar, P K.</subfield>
  </datafield>
  <datafield tag="245" ind1=" " ind2="0">
    <subfield code="a">Law of consumer protection in India : as amended by the consumer protection (amendment) Act, 2002 (Act no. 62 of 2002) (w.e.f. 15.3.2003) and the consumer protection (amendment) rules, 2015 [vide GSR 249 (E), dated 13.3.2015 (wef 1.4.2015)</subfield>
  </datafield>
  <datafield tag="250" ind1=" " ind2=" ">
    <subfield code="a">7th ed.</subfield>
  </datafield>
  <datafield tag="260" ind1=" " ind2=" ">
    <subfield code="b">Lexis Nexis</subfield>
    <subfield code="a">Haryana</subfield>
  </datafield>
  <datafield tag="300" ind1=" " ind2=" ">
    <subfield code="a">cxcii, 2011</subfield>
  </datafield>
  <datafield tag="440" ind1=" " ind2=" ">
    <subfield code="a">NULL</subfield>
  </datafield>
  <datafield tag="650" ind1=" " ind2=" ">
    <subfield code="a">Law,consumer,protection,India,amended,consumer,protection,(amendment),Act,,2002,(Act,62,2002),(w.e.f.,15.3.2003),consumer,protection,(amendment),rules,,2015,[vide,GSR,249,(E),,dated,13.3.2015,(wef,1.4.2015)</subfield>
  </datafield>
  <datafield tag="942" ind1=" " ind2=" ">
    <subfield code="c">LL</subfield>
  </datafield>
  <datafield tag="999" ind1=" " ind2=" ">
    <subfield code="c">280379</subfield>
    <subfield code="d">280379</subfield>
  </datafield>
  <datafield tag="952" ind1=" " ind2=" ">
    <subfield code="r">2026-04-08 16:12:00</subfield>
    <subfield code="l">1</subfield>
    <subfield code="o">343.54071  MAJ;1  R</subfield>
    <subfield code="p">LL26</subfield>
    <subfield code="W">25</subfield>
    <subfield code="h">(08/07/1905)</subfield>
    <subfield code="s">2026-04-07</subfield>
    <subfield code="v">1796.25</subfield>
    <subfield code="w">2024-01-26</subfield>
    <subfield code="y">LL</subfield>
    <subfield code="1">0</subfield>
    <subfield code="2">ddc</subfield>
    <subfield code="4">0</subfield>
    <subfield code="7">0</subfield>
    <subfield code="8">LAW</subfield>
    <subfield code="0">0</subfield>
    <subfield code="K">8201/I</subfield>
    <subfield code="a">LAW</subfield>
    <subfield code="b">LAW</subfield>
    <subfield code="c">LAW</subfield>
    <subfield code="d">2017-02-15</subfield>
    <subfield code="e">Puliani &amp; Puliani</subfield>
    <subfield code="g">2395.00</subfield>
    <subfield code="E">Law</subfield>
    <subfield code="G">RS</subfield>
    <subfield code="F">1</subfield>
    <subfield code="V">598.75</subfield>
    <subfield code="U">Rupees</subfield>
  </datafield>
  <datafield tag="952" ind1=" " ind2=" ">
    <subfield code="r">2024-01-26 00:00:00</subfield>
    <subfield code="l">0</subfield>
    <subfield code="o">343.54071  MAJ;2  R1</subfield>
    <subfield code="p">LL27</subfield>
    <subfield code="W">25</subfield>
    <subfield code="h">(08/07/1905)</subfield>
    <subfield code="v">1796.25</subfield>
    <subfield code="w">2024-01-26</subfield>
    <subfield code="y">LL</subfield>
    <subfield code="1">0</subfield>
    <subfield code="2">ddc</subfield>
    <subfield code="4">0</subfield>
    <subfield code="7">0</subfield>
    <subfield code="8">LAW</subfield>
    <subfield code="0">0</subfield>
    <subfield code="K">8201/I</subfield>
    <subfield code="a">LAW</subfield>
    <subfield code="b">LAW</subfield>
    <subfield code="c">LAW</subfield>
    <subfield code="d">2017-02-15</subfield>
    <subfield code="e">Puliani &amp; Puliani</subfield>
    <subfield code="g">2395.00</subfield>
    <subfield code="E">Law</subfield>
    <subfield code="G">RS</subfield>
    <subfield code="F">1</subfield>
    <subfield code="V">598.75</subfield>
    <subfield code="U">Rupees</subfield>
  </datafield>
</record>
